Normal view
MARC view
- Durand, Jean-Benoît,
Entry Nombre Personal
001 - NUMERO DE CONTROL
- campo de control: 38649
003 - IDENTIFICADOR DE NUMERO DE CONTROL
- campo de control: UPN
005 - FECHA Y HORA DE LA ÜLTIMA TRANSACCIÓN
- campo de control: 20210219194538.0
008 - DATOS DE LONGITUD FIJA
- campo de control de longitud fija: nabaccnnaabn|||||||||| b |nc|||||d
035 ## - NUMERO DE CONTROL
- Número de control: UPN11000010756
040 ## - FUENTE DE CATALOGACIÓN
- Lenguaje de catalogación: SPA
- Agencia de transcripción: UPN
100 1# - ENCABEZAMIENTO - NOMBRE PERSONAL
- Nombre personal: Durand, Jean-Benoît,
- Fechas asociadas con el nombre: 1971-
670 ## - FUENTE EN LA QUE SE LOCALIZARON DATOS
- Cita de la fuente: T
- Uniform Resource Identifier: http://www.geckopress.co.nz/Jean-Benoît-Durand_566.aspx
680 ## - NOTA PUBLICA DE ACCESO PÚBLICO
- Frase explicativa de la referencia: Ha escrito novelas y libros educativos para los niños, y en la actualidad dirige la única revista regional para niños en Francia, Normandía Junior.
902 ## - CATALOGADOR
- Catalogador: MITM/070616
